| 000 | 00726cam a2200253 i 4500 | ||
|---|---|---|---|
| 008 | |||
| 020 | _a0408003707 (pbk.) | ||
| 049 | _aMAIN | ||
| 090 |
_aTK7871.58.O6 _bCLA |
||
| 100 | 1 | _aClayton, G.B. | |
| 245 | 1 | 0 |
_aOperational amplifiers / _cG.B. Clayton. |
| 250 | _a2nd ed. | ||
| 260 |
_aLondon : _bNewnes-Butterworths, _cc1979. |
||
| 300 |
_a410 p. : _bill. ; _c23 cm. |
||
| 504 | _aIncludes bibliographical references. | ||
| 500 | _aIncludes index. | ||
| 650 | 0 | _aOperational amplifiers. | |
| 650 | 0 | _aElectronic measurements. | |
| 907 |
_a.b10064898 _b14-06-13 _c17-04-03 |
||
| 003 | |||
| 005 | 20230123134142.0 | ||
| 040 | _cNUST | ||
| 942 |
_cBOOKS _kTK7871.58.O6 _mCLA |
||
| 999 |
_c160938 _d160938 |
||